Statistics for Brand Logos Quiz #4

Click here to take the quiz!

General Stats

  • This quiz has been taken 129,734 times
    (71,509 since last reset)
  • The average score is 14 of 20

Answer Stats

Answer % Correct
Facebook
100%
Visa
95%
Snickers
91%
IKEA
90%
Levi Strauss
89%
Red Bull
89%
Internet Explorer
85%
Nintendo
79%
Louis Vuitton
76%
Air Jordan
76%
Tesla
72%
UPS
71%
Best Buy
66%
NBC
65%
John Deere
63%
American Airlines
55%
Fruit of the Loom
53%
Arm & Hammer
44%
Gerber
39%
ING
33%

Score Distribution

Percentile by Number Answered

Percent of People with Each Score

Your Score History

You have not taken this quiz since the last reset